| 000 | 00643nam a2200217 a 4500 | ||
|---|---|---|---|
| 005 | 20240924071215.0 | ||
| 008 | 011114s1999 mx r 000 0 spa d | ||
| 020 | _a8434207281 | ||
| 035 | _aUPN01000113915 | ||
| 049 | _aI | ||
| 050 | 4 |
_aPZ76.3 _bP3.8 1999 |
|
| 100 | 1 | _aParramón, Josep M. | |
| 245 | 1 | 3 |
_aLa vida bajo la tierra / _cJosep M. Parramón ; il. María Rius. |
| 250 | _a5a. ed. | ||
| 260 |
_aBarcelona, Esp. : _bParramón, _c1999. |
||
| 300 |
_a[30] p. : _bPrincipalmente il., col |
||
| 650 | 0 |
_aAnimales _vCuentos y leyendas _9234 |
|
| 650 | 4 |
_aLiteratura infantil _94445 |
|
| 700 | 1 |
_aRius, María, _eil. |
|
| 905 | _aInfantil | ||
| 999 |
_c87823 _d87823 |
||